Alternativas para el aprovechamiento del lirio acuático(Eichhornia crassipes)
Guardado en:
| Hovedforfatter: | |
|---|---|
| Format: | Ukendt |
| Udgivet: |
[San José, Costa Rica]
1980
|
| Fag: | |
| Tags: |
Tilføj Tag
Ingen Tags, Vær først til at tagge denne postø!
|
MARC
| LEADER | 00000 a2200000 4500 | ||
|---|---|---|---|
| 003 | 001180 | ||
| 005 | 20221231143740.0 | ||
| 008 | 140114s1980 cr a m 000 ||s d | ||
| 040 | |c cru CEDI | ||
| 090 | |a TFG 947 | ||
| 100 | |a Cavallini Solano, Gianna |9 15988 | ||
| 245 | |a Alternativas para el aprovechamiento del lirio acuático(Eichhornia crassipes) | ||
| 260 | |c 1980 |a [San José, Costa Rica] | ||
| 300 | |a 116 hojas : ilustraciones, 1 foto color ; 28 cm | ||
| 500 | |a Tesis (licenciatura en ingeniería química)--Universidad de Costa Rica. | ||
| 650 | |x HARINA DE LIRIO |x LIRIOS ACUATICOS |9 15989 | ||
| 942 | |c TFG | ||
| 999 | |c 11220 |d 11220 | ||
